Developing managers through behavior modeling /

Bibliographic Details
Main Author: Robinson, James C.
Format: Book
Language:English
Published: Austin, Tex. : Learning Concepts ; [1982]
Subjects:

MARC

Tag First Indicator Second Indicator Subfields
LEADER 00000cam a2200000 a 4500
001 in00000525911
005 20151013092306.0
008 830915s1982 txua b 00010 eng
010 |a  82081424  
019 |a 9640593 
020 |a 0893840645 
035 |a (OCoLC)09248075 
035 |9 ACG0052AM 
039 0 |a 2  |b 3  |c 3  |d 3  |e 3 
040 |a DLC  |c DLC  |d TXA  |d UtOrBLW 
049 |a TXAM 
050 0 0 |a HF5549.5.T7  |b R53 1982 
082 0 |a 658.4/071244  |2 19 
100 1 |a Robinson, James C. 
245 1 0 |a Developing managers through behavior modeling /  |c James C. Robinson. 
264 1 |a Austin, Tex. :  |b Learning Concepts ;  |c [1982] 
264 2 |a San Diego, Calif. :  |b Distributed by University Associates, 
264 4 |c ©1982 
300 |a xi, 219 pages :  |b illustrations ;  |c 24 cm. 
336 |a text  |b txt  |2 rdacontent 
337 |a unmediated  |b n  |2 rdamedia 
338 |a volume  |b nc  |2 rdacarrier 
504 |a Bibliography: pages 204-216. 
650 0 |a Executives  |x Training of. 
740 0 |a Behavior modeling. 
999 |a MARS 
999 f f |s cee28700-fd56-3beb-a990-3856bdff2e1b  |i e3dc49f7-0cd4-30ae-baa1-99fe12ecf2b2  |t 0 
952 f f |p ric  |a Texas A&M University  |b Rellis Campus  |c Joint Library Facility  |d Remote Storage  |t 0  |e HF5549.5.T7 R53 1982  |h Library of Congress classification  |i unmediated -- volume  |m A14808091256 
998 f f |a HF5549.5.T7 R53 1982  |t 0  |l Remote Storage